[Event "18.Open Seefeld"]
[Site "Seefeld / Oesterreich"]
[Date "2007.09.05"]
[Round "5"]
[White "Schmidt, Wolfgang"]
[Black "Schett, Franz"]
[Result "1-0"]
[WhiteElo "2071"]
[BlackElo "1994"]
[PlyCount "83"]
[EventDate "2007.09.01"]
[EventType "swiss"]
[EventRounds "9"]
[EventCountry "AUT"]

1. e4 c5 2. Nf3 d6 3. d4 cxd4 4. Nxd4 Nc6 5. Nc3 a6 6. Be3 e6 7. Bc4 Nf6 8. Bb3
Be7 9. Qe2 Qc7 10. O-O-O b5 11. Nxc6 Qxc6 12. Bd4 Bb7 13. f3 O-O 14. g4 Nd7 15.
h4 Bf6 16. g5 Bxd4 17. Rxd4 Nc5 18. Rhd1 Nxb3+ 19. axb3 Rad8 20. Qd2 Qb6 21.
Kb1 d5 22. exd5 b4 23. Na4 Qb5 24. dxe6 Rxd4 25. exf7+ Rxf7 26. Qxd4 Bxf3 27.
Re1 Rf8 28. Re7 Rf7 29. Rxf7 Qf1+ 30. Ka2 Kxf7 31. Qxb4 Qd1 32. Nc3 Qh1 33.
Qc4+ Kg6 34. Ne2 Bxe2 35. Qe6+ Kh5 36. Qxe2+ Kxh4 37. Qe7 Kg4 38. Qxg7 Qd5 39.
Qe7 Qc6 40. c4 a5 41. Qxh7 Kxg5 42. Qa7 1-0

[Event "18.Open Seefeld"]
[Site "Seefeld / Oesterreich"]
[Date "2007.09.05"]
[Round "5"]
[White "Niedermair, Hannes"]
[Black "Becker, Joerg"]
[Result "1/2-1/2"]
[WhiteElo "2069"]
[BlackElo "1952"]
[PlyCount "36"]
[EventDate "2007.09.01"]
[EventType "swiss"]
[EventRounds "9"]
[EventCountry "AUT"]

1. Nf3 Nf6 2. g3 e6 3. Bg2 d5 4. d3 Be7 5. O-O O-O 6. Nbd2 d4 7. c4 c5 8. Rb1
Nc6 9. a3 a5 10. b3 Ng4 11. h3 Nge5 12. Bb2 f5 13. Nxe5 Nxe5 14. b4 axb4 15.
axb4 cxb4 16. Nb3 Nc6 17. Bxc6 bxc6 18. Nxd4 Bd7 1/2-1/2

[Event "18.Open Seefeld"]
[Site "Seefeld / Oesterreich"]
[Date "2007.09.05"]
[Round "5"]
[White "Staninski, Borislav"]
[Black "Allgaier, Erik"]
[Result "1-0"]
[WhiteElo "1663"]
[BlackElo "2060"]
[PlyCount "129"]
[EventDate "2007.09.01"]
[EventType "swiss"]
[EventRounds "9"]
[EventCountry "AUT"]

1. e4 d6 2. d4 g6 3. Nf3 Nf6 4. Nc3 a6 5. Bg5 h6 6. Bxf6 exf6 7. h3 Bg7 8. a4
O-O 9. Bc4 Nc6 10. O-O f5 11. e5 dxe5 12. dxe5 Be6 13. Bxe6 fxe6 14. Re1 Qxd1
15. Raxd1 Rfd8 16. Kf1 Kf7 17. g4 Rxd1 18. Nxd1 Rd8 19. g5 Nd4 20. Nxd4 Rxd4
21. gxh6 Bxh6 22. Nc3 Rd2 23. Re2 Rxe2 24. Nxe2 g5 25. Nd4 Bg7 26. f4 Ke7 27.
fxg5 Bxe5 28. c3 Bf4 29. h4 c5 30. Ne2 Bd2 31. c4 Kf7 32. Kf2 Kg6 33. Kf3 e5
34. Kf2 Ba5 35. Nc3 Kh5 36. Kg3 Bb4 37. Nd5 Be1+ 38. Kh3 Bxh4 39. g6 Bf6 40.
Nxf6+ Kxg6 41. Nd7 e4 42. Nxc5 Kf6 43. Kg3 Ke5 44. Nxb7 Kd4 45. Nd6 Kc5 46.
Nxf5 Kxc4 47. Kf4 a5 48. Kxe4 Kb4 49. Kd4 Kxa4 50. Kc3 Kb5 51. Kb3 Kc5 52. Ka4
Kb6 53. b3 Ka6 54. Nd6 Kb6 55. Nc4+ Ka6 56. Nxa5 Kb6 57. Kb4 Ka6 58. Nc4 Kb7
59. Kb5 Ka7 60. Kc6 Kb8 61. b4 Kc8 62. Nd6+ Kb8 63. b5 Ka8 64. Kc7 Ka7 65. b6+
1-0

[Event "18.Open Seefeld"]
[Site "Seefeld / Oesterreich"]
[Date "2007.09.05"]
[Round "5"]
[White "Becking, Franz Josef"]
[Black "Russ, Colin"]
[Result "0-1"]
[WhiteElo "2049"]
[BlackElo "1967"]
[PlyCount "31"]
[EventDate "2007.09.01"]
[EventType "swiss"]
[EventRounds "9"]
[EventCountry "AUT"]

1. d4 d5 2. Nf3 Nf6 3. Bf4 e6 4. Nbd2 c5 5. c3 Nc6 6. e3 Be7 7. Bd3 O-O 8. Rc1
Bd7 9. Bb1 Rc8 10. Ne5 cxd4 11. exd4 Nxe5 12. Bxe5 Bb5 13. Qc2 g6 14. h4 Ng4
15. h5 Nxe5 16. dxe5 {Rest der Notationen unbrauchbar !} 0-1

[Event "18.Open Seefeld"]
[Site "Seefeld / Oesterreich"]
[Date "2007.09.05"]
[Round "5"]
[White "Grimm, Joachim"]
[Black "Pieper, Harald"]
[Result "0-1"]
[WhiteElo "1618"]
[BlackElo "2043"]
[PlyCount "56"]
[EventDate "2007.09.01"]
[EventType "swiss"]
[EventRounds "9"]
[EventCountry "AUT"]

1. e4 Nf6 2. Nc3 e5 3. Nf3 d6 4. d4 exd4 5. Nxd4 Be7 6. Bc4 Bg4 7. Qd3 Nbd7 8.
f4 Nc5 9. Qe3 Be6 10. Nxe6 Nxe6 11. Bd2 c6 12. O-O-O Nd7 13. Qg3 Bh4 14. Qg4 h5
15. Qh3 Qe7 16. Qe3 Nb6 17. Be2 O-O-O 18. g3 Bf6 19. e5 dxe5 20. Bd3 exf4 21.
gxf4 Nc5 22. Bf5+ Kb8 23. Qf3 Rhe8 24. Rhe1 Qf8 25. Ne2 Nca4 26. Bc3 Nxc3 27.
Nxc3 Qc5 28. Rxe8 Rxe8 0-1

[Event "18.Open Seefeld"]
[Site "Seefeld / Oesterreich"]
[Date "2007.09.05"]
[Round "5"]
[White "Handl, Hans"]
[Black "Aigner, Georg"]
[Result "0-1"]
[WhiteElo "1599"]
[BlackElo "2033"]
[PlyCount "80"]
[EventDate "2007.09.01"]
[EventType "swiss"]
[EventRounds "9"]
[EventCountry "AUT"]

1. e4 e5 2. Nf3 Nc6 3. c3 Nf6 4. d3 d5 5. exd5 Nxd5 6. Be2 Bd6 7. O-O O-O 8.
Nbd2 Nf4 9. Ne4 Nxe2+ 10. Qxe2 Bg4 11. h3 Bh5 12. Ng3 Bg6 13. Ne4 Re8 14. Nxd6
Qxd6 15. Rd1 Rad8 16. Ne1 e4 17. d4 Ne7 18. Bg5 f6 19. Be3 Qd5 20. c4 Qf7 21.
Qc2 f5 22. Bf4 Bh5 23. Rd2 Ng6 24. Bg5 Rd7 25. f3 e3 26. Rd3 f4 27. g4 fxg3 28.
Bxe3 Rde7 29. Ng2 Qxf3 30. Rf1 Qe4 31. Bg5 Be2 32. Rd2 Qxc2 33. Rxc2 Bxf1 34.
Bxe7 Bxg2 35. Kxg2 Nxe7 36. d5 Nf5 37. Rd2 Re3 38. Rd1 Nh4+ 39. Kg1 g2 40. c5
Re2 0-1

[Event "18.Open Seefeld"]
[Site "Seefeld / Oesterreich"]
[Date "2007.09.05"]
[Round "5"]
[White "Moes, Waldemar"]
[Black "Walcher, Christian"]
[Result "1-0"]
[WhiteElo "2024"]
[BlackElo "1776"]
[PlyCount "81"]
[EventDate "2007.09.01"]
[EventType "swiss"]
[EventRounds "9"]
[EventCountry "AUT"]

1. e4 c5 2. Nf3 Nc6 3. d4 cxd4 4. Nxd4 e6 5. Nc3 a6 6. Be3 Bb4 7. Qd2 Nf6 8. f3
h6 9. O-O-O Qa5 10. Nb3 Qe5 11. Bf4 Qh5 12. a3 Be7 13. h4 Na5 14. e5 Nxb3+ 15.
cxb3 g5 16. exf6 Bxf6 17. g4 Qg6 18. hxg5 hxg5 19. Rxh8+ Bxh8 20. Bxg5 b5 21.
Bd3 Qg7 22. Be4 Ra7 23. Be3 b4 24. axb4 Rc7 25. Bb6 Qe5 26. Bxc7 Qxc7 27. Qd6
Qa7 28. Qc5 Qb8 29. Rd6 Bf6 30. Qb6 Qxb6 31. Rxb6 d5 32. Bd3 Bd4 33. Rb8 Kd7
34. Ra8 Bb7 35. Rf8 Ke7 36. Rb8 Bc6 37. Bxa6 e5 38. b5 Ba7 39. bxc6 Bxb8 40.
Nxd5+ Kd6 41. c7 1-0

[Event "18.Open Seefeld"]
[Site "Seefeld / Oesterreich"]
[Date "2007.09.05"]
[Round "5"]
[White "Niebergall, Gerhard"]
[Black "Rampler, Evely"]
[Result "1/2-1/2"]
[WhiteElo "2136"]
[BlackElo "1588"]
[PlyCount "58"]
[EventDate "2007.09.01"]
[EventType "swiss"]
[EventRounds "9"]
[EventCountry "AUT"]

1. e4 c5 2. Nc3 e6 3. Nf3 a6 4. d4 cxd4 5. Nxd4 Bc5 6. Nb3 Ba7 7. Qg4 Qf6 8. f4
Ne7 9. Bd3 h5 10. Qe2 Qh4+ 11. g3 Qg4 12. Qf1 Nbc6 13. Be2 Qg6 14. Bd2 Nb4 15.
O-O-O d5 16. f5 exf5 17. Nxd5 Nexd5 18. exd5 Nxd5 19. Bf3 Be6 20. Bxd5 Bxd5 21.
Bb4 Be3+ 22. Kb1 Bxh1 23. Qxh1 Qb6 24. Qe1 f6 25. Bc5 Qe6 26. Rd3 Kf7 27. Rxe3
Qd5 28. Rd3 Qe4 29. Re3 Qd5 1/2-1/2

[Event "18.Open Seefeld"]
[Site "Seefeld / Oesterreich"]
[Date "2007.09.05"]
[Round "5"]
[White "Werner, Bernd"]
[Black "Strasser, Josef"]
[Result "1/2-1/2"]
[WhiteElo "1975"]
[BlackElo "1913"]
[PlyCount "94"]
[EventDate "2007.09.01"]
[EventType "swiss"]
[EventRounds "9"]
[EventCountry "AUT"]

1. e4 c6 2. d4 d5 3. e5 Bf5 4. g4 Bg6 5. h4 h6 6. h5 Bh7 7. Bd3 Bxd3 8. Qxd3 e6
9. Rh3 c5 10. c3 cxd4 11. cxd4 Bb4+ 12. Bd2 Qa5 13. a3 Nc6 14. Ne2 O-O-O 15.
Bxb4 Nxb4 16. Qc3+ Nc6 17. Qxa5 Nxa5 18. b4 Nc4 19. Nd2 Nxd2 20. Kxd2 Kd7 21.
Rc1 Ne7 22. Rf3 Rhf8 23. Rfc3 Rc8 24. f4 g6 25. Rxc8 Rxc8 26. Rxc8 Kxc8 27.
hxg6 fxg6 28. Ng3 Kd7 29. Kc3 Kc6 30. a4 b6 31. b5+ Kd7 32. Kb4 Ke8 33. a5 Kf7
34. a6 Ke8 35. Kc3 Kf7 36. Kd3 Kf8 37. Ke3 Kf7 38. Ne2 h5 39. Kf3 hxg4+ 40.
Kxg4 Nf5 41. Kf3 Kg7 42. Kg4 Kh6 43. Kf3 Kh5 44. Ng3+ Kh4 45. Ne2 g5 46. fxg5
Kxg5 47. Kf2 Kg4 1/2-1/2

[Event "18.Open Seefeld"]
[Site "Seefeld / Oesterreich"]
[Date "2007.09.05"]
[Round "5"]
[White "Buchaeckert, Juergen"]
[Black "Auf'm Wasser, Günter"]
[Result "1-0"]
[WhiteElo "1964"]
[BlackElo "1867"]
[PlyCount "37"]
[EventDate "2007.09.01"]
[EventType "swiss"]
[EventRounds "9"]
[EventCountry "AUT"]

1. e4 e5 2. Nf3 f5 3. Nxe5 Qf6 4. d4 d6 5. Nc4 fxe4 6. Nc3 Qg6 7. f3 Nf6 8.
fxe4 Bg4 9. Be2 c6 10. e5 Bxe2 11. Qxe2 Nfd7 12. exd6+ Kd8 13. Bf4 Nf6 14.
O-O-O Nbd7 15. Rhe1 Qf5 16. Bg3 g6 17. Kb1 b6 18. Ne5 Nxe5 19. dxe5 1-0

[Event "18.Open Seefeld"]
[Site "Seefeld / Oesterreich"]
[Date "2007.09.05"]
[Round "5"]
[White "Titz, Waldemar"]
[Black "Borries, Barbara"]
[Result "1/2-1/2"]
[WhiteElo "1819"]
[BlackElo "1947"]
[PlyCount "52"]
[EventDate "2007.09.01"]
[EventType "swiss"]
[EventRounds "9"]
[EventCountry "AUT"]

1. e4 e6 2. d4 d5 3. Nd2 Nf6 4. e5 Nfd7 5. Bd3 c5 6. c3 Nc6 7. Ne2 cxd4 8. cxd4
Qb6 9. Nf3 Bb4+ 10. Bd2 Bxd2+ 11. Qxd2 Qb4 12. a3 Qxd2+ 13. Nxd2 O-O 14. O-O h6
15. Bb5 a6 16. Bxc6 bxc6 17. b4 a5 18. Rfc1 axb4 19. axb4 Bb7 20. Nb3 Ba6 21.
Nc3 Rfb8 22. Nc5 Nxc5 23. bxc5 Bc4 24. Rxa8 Rxa8 25. h3 Rb8 26. Rb1 Rxb1+
1/2-1/2

[Event "18.Open Seefeld"]
[Site "Seefeld / Oesterreich"]
[Date "2007.09.05"]
[Round "5"]
[White "Matt, Stefan"]
[Black "Schnegg, Martin"]
[Result "1/2-1/2"]
[WhiteElo "1875"]
[BlackElo "1931"]
[PlyCount "32"]
[EventDate "2007.09.01"]
[EventType "swiss"]
[EventRounds "9"]
[EventCountry "AUT"]

1. d4 d5 2. e4 c6 3. e5 Bf5 4. g4 Bg6 5. f4 e6 6. Nf3 Nd7 7. Bd3 Ne7 8. Nc3
Bxd3 9. Qxd3 h5 10. f5 hxg4 11. fxe6 gxf3 12. exd7+ Qxd7 13. Qxf3 Nf5 14. Ne2
O-O-O 15. Bg5 Re8 16. O-O-O f6 1/2-1/2

[Event "18.Open Seefeld"]
[Site "Seefeld / Oesterreich"]
[Date "2007.09.05"]
[Round "5"]
[White "Scheidt, Eugen"]
[Black "Safdar, Mahmood"]
[Result "0-1"]
[WhiteElo "1981"]
[BlackElo "1660"]
[PlyCount "71"]
[EventDate "2007.09.01"]
[EventType "swiss"]
[EventRounds "9"]
[EventCountry "AUT"]

1. e4 e5 2. Nf3 Nc6 3. Bb5 a6 4. Ba4 Nf6 5. O-O Bc5 6. d3 b5 7. Bb3 O-O 8. Be3
Bxe3 9. fxe3 d5 10. exd5 Nxd5 11. Qe2 Be6 12. Nbd2 h6 13. Rf2 Rb8 14. a4 b4 15.
Bc4 a5 16. Nb3 Bg4 17. Qd2 Nde7 18. Raf1 Bh5 19. Nc5 Kh8 20. b3 Nd5 21. Ne4 f5
22. Bxd5 Qxd5 23. Ng3 Be8 24. e4 fxe4 25. Nxe4 Bh5 26. Ng3 Bxf3 27. Rxf3 Rxf3
28. Rxf3 Qc5+ 29. Qf2 Nd4 30. Rf7 Rc8 31. Nf5 Qxc2 32. Qxc2 Nxc2 33. Rxg7 Nd4
34. Rf7 Nxb3 35. Nxh6 Nc5 36. Ng4 {Rest der Notationen unbrauchbar !} 0-1

[Event "18.Open Seefeld"]
[Site "Seefeld / Oesterreich"]
[Date "2007.09.05"]
[Round "5"]
[White "Klein, Reinhard"]
[Black "Schultheisz, Egon"]
[Result "1-0"]
[WhiteElo "1870"]
[BlackElo "1980"]
[PlyCount "45"]
[EventDate "2007.09.01"]
[EventType "swiss"]
[EventRounds "9"]
[EventCountry "AUT"]

1. d4 d6 2. c4 Nf6 3. Nc3 Bf5 4. Nf3 Nbd7 5. Nh4 Bg6 6. g3 e5 7. Bg2 c6 8. Bg5
Be7 9. O-O O-O 10. Nxg6 fxg6 11. e3 h6 12. Bxf6 gxf6 13. Qc2 Kg7 14. Rad1 Nb6
15. c5 dxc5 16. dxe5 Qc7 17. exf6+ Bxf6 18. Ne4 Nd7 19. Bh3 Rad8 20. Bxd7 Rxd7
21. Nxc5 Re7 22. Rd2 Qe5 23. Nd7 1-0

[Event "18.Open Seefeld"]
[Site "Seefeld / Oesterreich"]
[Date "2007.09.05"]
[Round "5"]
[White "Bangert, Ruediger"]
[Black "Platzgummer, Peter"]
[Result "0-1"]
[WhiteElo "1761"]
[BlackElo "1966"]
[PlyCount "84"]
[EventDate "2007.09.01"]
[EventType "swiss"]
[EventRounds "9"]
[EventCountry "AUT"]

1. d4 Nf6 2. c4 e6 3. Nc3 d5 4. cxd5 exd5 5. e3 c6 6. a3 Bd6 7. Be2 Bf5 8. Nf3
Nbd7 9. Nh4 Bg6 10. Nxg6 hxg6 11. g3 Ne4 12. Nxe4 dxe4 13. Qb3 Nb6 14. Bd2 Qd7
15. Qc2 f5 16. Ba5 Nd5 17. Rc1 g5 18. Bd2 Rh6 19. f4 Qe7 20. Kf2 Kd7 21. Qb3
Rb8 22. Bc4 Nb6 23. d5 gxf4 24. exf4 Bc5+ 25. Be3 Bxe3+ 26. Kxe3 Qc5+ 27. Ke2
Kc7 28. dxc6 bxc6 29. Be6 Qf8 30. Rhd1 Rxh2+ 31. Ke3 Rg2 32. Rxc6+ Kxc6 33.
Qc3+ Qc5+ 34. Qxc5+ Kxc5 35. b4+ Kc6 36. Bxf5 Rxg3+ 37. Kf2 Rf3+ 38. Ke2 Rxf4
39. Bh3 Rbf8 40. Rc1+ Kd6 41. b5 Rf2+ 42. Ke3 R2f3+ 0-1

[Event "18.Open Seefeld"]
[Site "Seefeld / Oesterreich"]
[Date "2007.09.05"]
[Round "5"]
[White "Perkmann, Gottfried"]
[Black "Storkebaum, Ulrike"]
[Result "0-1"]
[WhiteElo "1799"]
[BlackElo "1963"]
[PlyCount "140"]
[EventDate "2007.09.01"]
[EventType "swiss"]
[EventRounds "9"]
[EventCountry "AUT"]

1. e4 e5 2. f4 exf4 3. Nf3 d6 4. Bc4 Be6 5. Qe2 g5 6. h4 Bxc4 7. Qxc4 g4 8. Nd4
h5 9. d3 Bh6 10. Nd2 a6 11. Nf5 Nc6 12. Nxh6 Nxh6 13. Qc3 Rh7 14. Nb3 Qe7 15.
Bxf4 f6 16. O-O-O O-O-O 17. g3 Re8 18. Kb1 Nf7 19. d4 Rhh8 20. Rhe1 Qd7 21. Rd3
Na7 22. Na5 b6 23. Nc4 Kb7 24. e5 Nb5 25. Qb4 a5 26. Qb3 a4 27. Qb4 d5 28. Ne3
fxe5 29. dxe5 c5 30. Qd2 d4 31. Nc4 Qd5 32. Ne3 Qe6 33. Qg2+ Qc6 34. Qxc6+ Kxc6
35. Nc4 Re6 36. Rd2 Rhe8 37. Rde2 Kd5 38. Nd2 c4 39. Ne4 Kc6 40. Ng5 Nxg5 41.
hxg5 a3 42. Rh2 axb2 43. Kxb2 Ra8 44. Rxh5 c3+ 45. Ka1 Re7 46. Rh6+ Kc5 47. Kb1
Rea7 48. Kc1 Rxa2 49. Kd1 Na3 50. e6 Nxc2 51. Re5+ Kc4 52. e7 Ra1+ 53. Ke2 d3+
54. Kf2 Nd4 55. Re1 R8a2+ 56. Kf1 Rxe1+ 57. Kxe1 Re2+ 58. Kd1 c2+ 59. Kc1 Rxe7
60. Rh1 Ne2+ 61. Kb2 b5 62. g6 Rg7 63. Rh6 Nxf4 64. gxf4 g3 65. Rh4 Kd5 66. Rg4
b4 67. f5 Rc7 68. Kc1 d2+ 69. Kxd2 c1=Q+ 70. Ke2 Rc2+ 0-1

[Event "18.Open Seefeld"]
[Site "Seefeld / Oesterreich"]
[Date "2007.09.05"]
[Round "5"]
[White "Ranker, Klemens"]
[Black "Egger, Herbert"]
[Result "1/2-1/2"]
[WhiteElo "1955"]
[BlackElo "1839"]
[PlyCount "111"]
[EventDate "2007.09.01"]
[EventType "swiss"]
[EventRounds "9"]
[EventCountry "AUT"]

1. e4 e5 2. Nf3 Nc6 3. Bb5 d6 4. h3 Nf6 5. O-O Nxe4 6. d4 Bd7 7. Re1 f5 8. Bxc6
Bxc6 9. dxe5 dxe5 10. Nxe5 Qxd1 11. Rxd1 Bc5 12. Nd3 Bb6 13. Re1 O-O 14. Be3
Bxe3 15. Rxe3 Rae8 16. Na3 f4 17. Ree1 f3 18. g3 Bd7 19. Kh2 b5 20. Re3 a5 21.
Rae1 Nd6 22. Ne5 Bc8 23. c3 Bb7 24. Nd7 Rxe3 25. Rxe3 Re8 26. Rxe8+ Nxe8 27.
Nxb5 Bc6 28. Ne5 Bxb5 29. Nxf3 Nf6 30. Nd4 Bd3 31. Ne6 Nd5 32. Nc5 Be2 33. a3
Kf7 34. Nb7 a4 35. Nc5 Nb6 36. f4 g6 37. Kg1 Bd1 38. Na6 Na8 39. Kf2 Ke7 40.
Ke3 Kd6 41. Kd4 c6 42. c4 Bb3 43. Nc5 Bc2 44. Nb7+ Kd7 45. Ke5 Ke7 46. c5 Nc7
47. g4 Nd5 48. f5 gxf5 49. gxf5 Nf6 50. Kf4 h6 51. Na5 Nd5+ 52. Ke5 Kd7 53. f6
Bg6 54. Nc4 Bf7 55. Nd6 Bg6 56. Nc4 1/2-1/2

[Event "18.Open Seefeld"]
[Site "Seefeld / Oesterreich"]
[Date "2007.09.05"]
[Round "5"]
[White "Gerhards, Walter"]
[Black "Loew, Bernd"]
[Result "1-0"]
[WhiteElo "1947"]
[BlackElo "1601"]
[PlyCount "150"]
[EventDate "2007.09.01"]
[EventType "swiss"]
[EventRounds "9"]
[EventCountry "AUT"]

1. e4 b6 2. d4 Bb7 3. Nc3 Nf6 4. Bd3 e6 5. Nf3 Bb4 6. Qe2 a6 7. O-O Be7 8. Bg5
h6 9. Bh4 d6 10. Rad1 Nbd7 11. Rfe1 O-O 12. e5 Nd5 13. Nxd5 Bxd5 14. Bg3 b5 15.
Nd2 dxe5 16. dxe5 Nc5 17. Ne4 Nxd3 18. Rxd3 Qb8 19. Qg4 Kh7 20. Bh4 Bxh4 21.
Qxh4 Qd8 22. Qg3 Qe7 23. Nc3 Bb7 24. a3 Rad8 25. Red1 Rxd3 26. Qxd3+ Kg8 27. f4
Qc5+ 28. Qd4 Qc6 29. Rd2 g6 30. Nd1 Kg7 31. Ne3 h5 32. c4 Qe8 33. Qd7 Qxd7 34.
Rxd7 Rc8 35. cxb5 axb5 36. Kf2 Kf8 37. b4 Ke8 38. Rd3 Be4 39. Rc3 Kd7 40. g4
Rd8 41. gxh5 gxh5 42. Kg3 Kc8 43. Kh4 Kb7 44. Kg5 Rg8+ 45. Kf6 Bg6 46. Ke7 Rc8
47. Ng2 c6 48. Nh4 Rc7+ 49. Kf6 Be4 50. Rg3 c5 51. bxc5 Rxc5 52. Kxf7 Bd5 53.
Kf6 Rc2 54. h3 Kb6 55. Kg5 Rf2 56. Ng6 Be4 57. Nf8 Bf5 58. Nd7+ Ka5 59. h4 Bg4
60. Nf6 Rf3 61. Rg1 Ka4 62. Nxg4 hxg4 63. Kxg4 Rxa3 64. h5 Rc3 65. h6 Rc8 66.
h7 b4 67. Kg5 b3 68. Kg6 b2 69. Rb1 Kb3 70. f5 exf5 71. Kxf5 Kc2 72. Rh1 b1=Q
73. Rxb1 Kxb1 74. Kf6 Kc2 75. e6 Kd3 1-0

[Event "18.Open Seefeld"]
[Site "Seefeld / Oesterreich"]
[Date "2007.09.05"]
[Round "5"]
[White "Diakov, Georgi"]
[Black "Kircher, Werner"]
[Result "1/2-1/2"]
[WhiteElo "1422"]
[BlackElo "1944"]
[PlyCount "60"]
[EventDate "2007.09.01"]
[EventType "swiss"]
[EventRounds "9"]
[EventCountry "AUT"]

1. e4 e6 2. d4 d5 3. exd5 exd5 4. Nf3 Bg4 5. Be2 Bd6 6. Be3 Nf6 7. O-O O-O 8.
Nbd2 Re8 9. Re1 Nbd7 10. h3 Bh5 11. Nh2 Bxe2 12. Rxe2 Ne4 13. Qe1 f5 14. Nxe4
fxe4 15. Qd2 Qf6 16. Ng4 Qf7 17. Rf1 h5 18. Nh2 Re6 19. f3 Rf6 20. f4 Rf8 21.
Ref2 Nb6 22. b3 Nc8 23. Qe2 Ne7 24. c4 c6 25. g4 Qg6 26. Kh1 Qh7 27. g5 Rf5 28.
c5 Bb8 29. a4 g6 30. b4 Qf7 1/2-1/2

[Event "18.Open Seefeld"]
[Site "Seefeld / Oesterreich"]
[Date "2007.09.05"]
[Round "5"]
[White "Kiechl, Stefan"]
[Black "Ewanno, Georg"]
[Result "1-0"]
[WhiteElo "1912"]
[BlackElo "1250"]
[PlyCount "71"]
[EventDate "2007.09.01"]
[EventType "swiss"]
[EventRounds "9"]
[EventCountry "AUT"]

1. d4 f5 2. Bg5 g6 3. h4 Bg7 4. c3 d5 5. Nd2 Qd6 6. Ndf3 Nc6 7. Nh3 Bd7 8. Bf4
e5 9. dxe5 Nxe5 10. Nxe5 Bxe5 11. Qd2 O-O-O 12. Bxe5 Qxe5 13. O-O-O Ne7 14. Ng5
Qf6 15. g3 Bc6 16. Qd4 Qf8 17. Ne6 Qf7 18. Nxd8 Rxd8 19. Bg2 Kb8 20. Bf3 Nc8
21. Qf4 Nb6 22. h5 Qf6 23. hxg6 hxg6 24. Qd4 Qg5+ 25. e3 Qe7 26. Rh8 Rxh8 27.
Qxh8+ Nc8 28. Bxd5 Bxd5 29. Rxd5 a6 30. Rd8 Qe6 31. Qg8 Qxg8 32. Rxg8 c6 33.
Rxg6 Ne7 34. Rf6 Nd5 35. Rxf5 b5 36. Rxd5 1-0

[Event "18.Open Seefeld"]
[Site "Seefeld / Oesterreich"]
[Date "2007.09.05"]
[Round "5"]
[White "Berkemeier, Juergen"]
[Black "Duric, Rajko"]
[Result "0-1"]
[WhiteElo "1917"]
[BlackElo "1877"]
[PlyCount "104"]
[EventDate "2007.09.01"]
[EventType "swiss"]
[EventRounds "9"]
[EventCountry "AUT"]

1. e4 d6 2. d4 Nf6 3. Nc3 c6 4. f4 g6 5. Nf3 Bg7 6. Be2 O-O 7. O-O Bg4 8. h3
Bxf3 9. Rxf3 Qb6 10. Kh2 Nbd7 11. e5 Ne8 12. Na4 Qc7 13. b4 Rd8 14. Qg1 dxe5
15. fxe5 Nxe5 16. Rg3 Rxd4 17. c3 Re4 18. Qf2 Nd7 19. Bd3 Rxb4 20. cxb4 Bxa1
21. Nb2 c5 22. Bf4 e5 23. Bg5 Bxb2 24. Qxb2 Ng7 25. Bh6 cxb4 26. Bxg7 Kxg7 27.
Qxb4 Nc5 28. Qc3 Qd6 29. Re3 Nxd3 30. Rxd3 Qb8 31. Rd7 Kg8 32. Rc7 e4 33. Kg1
e3 34. Re7 Re8 35. Qxe3 Rxe7 36. Qxe7 b6 37. h4 h5 38. Qe3 b5 39. Qf3 a5 40. g4
hxg4 41. Qxg4 Qb6+ 42. Kg2 Qc6+ 43. Kg3 Qc3+ 44. Kf2 Qc2+ 45. Ke3 Qc3+ 46. Ke2
Qc4+ 47. Qxc4 bxc4 48. Kd2 f5 49. Kc3 Kg7 50. Kxc4 Kh6 51. a4 Kh5 52. Kb5 f4
0-1

[Event "18.Open Seefeld"]
[Site "Seefeld / Oesterreich"]
[Date "2007.09.05"]
[Round "5"]
[White "Straesser, Gerda"]
[Black "Nolte, Wilhelm"]
[Result "0-1"]
[WhiteElo "1828"]
[BlackElo "1775"]
[PlyCount "106"]
[EventDate "2007.09.01"]
[EventType "swiss"]
[EventRounds "9"]
[EventCountry "AUT"]

1. e4 e6 2. d4 d5 3. Nd2 Nf6 4. e5 Nfd7 5. Bd3 c5 6. c3 Nc6 7. Ne2 cxd4 8. cxd4
f6 9. exf6 Nxf6 10. O-O Bd6 11. Nf3 O-O 12. Bd2 Bd7 13. Rc1 Rc8 14. Re1 Qb6 15.
Nf4 Rce8 16. Be3 Bb4 17. Re2 Qd8 18. h3 Ba5 19. Ne5 Ne7 20. Nxd7 Qxd7 21. Bd2
Bxd2 22. Qxd2 Nc6 23. Bb5 Qd6 24. Bxc6 bxc6 25. Nd3 Ne4 26. Qc2 Rc8 27. Nc5
Nxc5 28. Qxc5 Qd7 29. Rce1 Rfe8 30. Rc1 Qc7 31. Rce1 Kf7 32. Re3 Qe7 33. Rf3+
Kg8 34. Qxe7 Rxe7 35. Rc3 Kf8 36. b4 Ke8 37. f4 Kd7 38. Rce3 g6 39. g3 Kd6 40.
a3 a6 41. Kf2 Rb8 42. Rc3 Rb5 43. Rec1 Rc7 44. Re3 a5 45. bxa5 Rxa5 46. Rec3 c5
47. dxc5+ Raxc5 48. Rxc5 Rxc5 49. Rxc5 Kxc5 50. Ke3 Kc4 51. g4 Kc3 52. h4 d4+
53. Ke2 Kc2 0-1

[Event "18.Open Seefeld"]
[Site "Seefeld / Oesterreich"]
[Date "2007.09.05"]
[Round "5"]
[White "Verwer, Renzo"]
[Black "Bretscher, Robert"]
[Result "1-0"]
[WhiteElo "1600"]
[BlackElo "1656"]
[PlyCount "41"]
[EventDate "2007.09.01"]
[EventType "swiss"]
[EventRounds "9"]
[EventCountry "AUT"]

1. e4 e5 2. Nf3 Nc6 3. Nc3 Be7 4. d4 exd4 5. Nxd4 Ne5 6. f4 Ng6 7. Nf5 Bf8 8.
Bc4 d6 9. Qd5 Qd7 10. Be3 Nf6 11. Qd3 Ne7 12. Nd4 a6 13. O-O-O g6 14. h3 b5 15.
Bb3 c5 16. Ncxb5 cxd4 17. Bxd4 Qxb5 18. Bxf6 Qxd3 19. Rxd3 Rg8 20. Rxd6 Bg7 21.
Ba4+ 1-0

[Event "18.Open Seefeld"]
[Site "Seefeld / Oesterreich"]
[Date "2007.09.05"]
[Round "5"]
[White "Michel, Jan"]
[Black "Masson, Wally"]
[Result "1-0"]
[WhiteElo "1450"]
[BlackElo "1290"]
[PlyCount "165"]
[EventDate "2007.09.01"]
[EventType "swiss"]
[EventRounds "9"]
[EventCountry "AUT"]

1. e4 b6 2. d4 Bb7 3. Nc3 e6 4. a3 Bd6 5. Nf3 f6 6. Be2 Nh6 7. h3 Nf7 8. O-O
O-O 9. Bd2 Nc6 10. Re1 Ng5 11. h4 Nxf3+ 12. Bxf3 Nxd4 13. Be3 Nxf3+ 14. Qxf3 f5
15. Qh3 fxe4 16. Bg5 Be7 17. Bxe7 Qxe7 18. Nxe4 Bxe4 19. Rxe4 Qf6 20. Qg3 Qxb2
21. Rf1 Qxc2 22. Rg4 Rf7 23. h5 h6 24. Rg6 Kf8 25. Qe3 Qf5 26. g4 Qf3 27. Qc1
Ke7 28. Qxc7 b5 29. Qc5+ Kd8 30. Qxb5 Qxa3 31. Qe5 Qf8 32. f4 Rf6 33. Qe4 Rc8
34. Kh1 d5 35. Qe5 Rc6 36. Qb8+ Rc8 37. Qxa7 Rxg6 38. hxg6 Rc4 39. Qb6+ Ke7 40.
Qe3 Qf6 41. Qa7+ Kd6 42. Qb6+ Rc6 43. Qb4+ Kd7 44. Qb7+ Kd6 45. Qb4+ Kd7 46.
Qb7+ Rc7 47. Qb5+ Kd8 48. Qb8+ Rc8 49. Qb6+ Ke8 50. Qb5+ Kf8 51. Qb4+ Qe7 52.
Qe1 Rc4 53. Qg3 Qf6 54. f5 e5 55. Ra1 h5 56. Ra8+ Ke7 57. Qa3+ Qd6 58. f6+ gxf6
59. Qxd6+ Kxd6 60. g7 Rxg4 61. g8=Q Rxg8 62. Rxg8 Ke6 63. Rh8 d4 64. Kg2 Kf5
65. Rxh5+ Ke6 66. Kf3 Kd5 67. Ke2 Ke4 68. Rh4+ Kd5 69. Rh5 Kc4 70. Rf5 Kc3 71.
Rxf6 e4 72. Rc6+ Kb2 73. Kd2 e3+ 74. Kd3 Kb3 75. Kxd4 e2 76. Re6 Kb2 77. Rxe2+
Ka1 78. Kc3 Kb1 79. Rc2 Ka1 80. Kb3 Kb1 81. Rc4 Ka1 82. Kc2 Ka2 83. Ra4# 1-0

[Event "18.Open Seefeld"]
[Site "Seefeld / Oesterreich"]
[Date "2007.09.05"]
[Round "5"]
[White "Breedveld, Carmen"]
[Black "Senn, Othmar"]
[Result "0-1"]
[WhiteElo "1289"]
[BlackElo "1419"]
[PlyCount "94"]
[EventDate "2007.09.01"]
[EventType "swiss"]
[EventRounds "9"]
[EventCountry "AUT"]

1. b3 d5 2. Bb2 Nf6 3. Nf3 b6 4. d3 Nbd7 5. Nbd2 e6 6. c4 Bb7 7. e3 Bc5 8. Ne5
Nxe5 9. Bxe5 Bd6 10. Bc3 O-O 11. Qc2 Re8 12. Be2 dxc4 13. dxc4 Bxg2 14. Rg1 Bh3
15. O-O-O Bf5 16. e4 Ba3+ 17. Kb1 Bg6 18. Ka1 Qe7 19. Nb1 Nxe4 20. Bb2 Bxb2+
21. Qxb2 Qf6 22. Rd4 c5 23. Rd7 Qxb2+ 24. Kxb2 Red8 25. Re7 Kf8 26. Rb7 Nd6 27.
Rc7 a5 28. Bf3 Rab8 29. a4 Ne8 30. Rc6 Bxb1 31. Kxb1 Rd6 32. Re1 Rxc6 33. Bxc6
Rd8 34. f4 Rd6 35. Be4 Nf6 36. Bc2 Rd2 37. h3 Rf2 38. Rd1 Ke7 39. f5 exf5 40.
Re1+ Kd6 41. Rd1+ Ke5 42. Re1+ Ne4 43. Kc1 g6 44. h4 Rh2 45. Kd1 Rxh4 46. Ke2
Rh2+ 47. Kd3 Rd2+ 0-1